000 00539nam a22002057a 4500
003 OSt
005 20140310182755.0
008 130205t xxu||||| |||| 00| 0 eng d
020 _a0297829947
050 _aBS 647.2
_b.D787 1997
082 _aM 221.6
_bD83 1997
245 _aThe Bible code.
_cDrosnin, Michael.
260 _aNew York, NY :
_bSimon & Schuster,
_c1997.
300 _a264 p. :
_b ill. ;
_c25 cm.
521 _acollege students
526 _c1210L-1700L
541 _j1
562 _e1
942 _2lcc
_cBK
_kM
999 _c15829
_d15829